Výročná správa o činnosti STU za rok 2008

Salvato in:
Dettagli Bibliografici
Natura: Libro
Lingua:slovacco
Pubblicazione: Bratislava Slovenská technická univerzita 2009
Edizione:1. vyd.
Soggetti:
Accesso online:Visualizza in OPAC
Tags: Aggiungi Tag
Nessun Tag, puoi essere il primo ad aggiungerne!!

MARC

LEADER 00000nam a2200000 a 4500
005 20260127134248.0
008 091015 2009 xo 000 0 slo d
035 |a vtls009960300 
039 9 |y 200910151102  |z mschk03 
040 |a STUSCHK1  |b slo  |c STUSCHK1  |e AACR2 
080 |a 378.4 
245 1 |a Výročná správa o činnosti STU za rok 2008 
250 |a 1. vyd. 
260 |a Bratislava  |b Slovenská technická univerzita  |c 2009 
300 |a 90 s.  |b il.  |c 30 cm 
650 0 |a univerzity 
650 0 |a výročné správy 
651 0 |a Slovensko 
910 |a SCHK95 
999 |c 8166  |d 8166